Catálogo

Matemáticas financieras / (Registro nro. 62709)

Detalles MARC
000 -LEADER
fixed length control field 01220cam a2200325 i 4500
001 - CONTROL NUMBER
control field 62709
003 - CONTROL NUMBER IDENTIFIER
control field Mx-PuUPA
005 - DATE AND TIME OF LATEST TRANSACTION
control field 20230207094205.0
008 - FIXED-LENGTH DATA ELEMENTS--GENERAL INFORMATION
fixed length control field 150525s2014 mx a fr 000 0 spa d
020 ## - INTERNATIONAL STANDARD BOOK NUMBER
International Standard Book Number 9786074387223
040 ## - CATALOGING SOURCE
Original cataloging agency Mx-PuUPA
Language of cataloging spa
Transcribing agency Mx-PuUPA
Modifying agency Mx-PuUPA
Description conventions rda
041 0# - LANGUAGE CODE
Language code of text/sound track or separate title spa
100 1# - MAIN ENTRY--PERSONAL NAME
Personal name Rodríguez Franco, Jesús,
Relator term autor
9 (RLIN) 13716
245 10 - TITLE STATEMENT
Title Matemáticas financieras /
Statement of responsibility, etc. Jesús Rodríguez Franco, Elva Cristina Rodríguez Jiménez, Alberto Isaac Pierdant Rodríguez
250 ## - EDITION STATEMENT
Edition statement Primera edición
264 #1 - PRODUCTION, PUBLICATION, DISTRIBUTION, MANUFACTURE, AND COPYRIGHT NOTICE
Place of production, publication, distribution, manufacture México, D.F. :
Name of producer, publisher, distributor, manufacturer Grupo Editorial Patria,
Date of production, publication, distribution, manufacture, or copyright notice 2014
300 ## - PHYSICAL DESCRIPTION
Extent xii, 281 páginas :
Other physical details ilustraciones ;
Dimensions 27 cm
336 ## - CONTENT TYPE
Content type term texto
Fuente rdacontent
Content type code txt
337 ## - MEDIA TYPE
Media type term sin medio
Source rdamedia
Media type code n
338 ## - CARRIER TYPE
Carrier type term volumen
Source rdacarrier
Carrier type code nc
490 0# - SERIES STATEMENT
Series statement Universitaria Patria. Teoría, ejemplos y problemas
650 #7 - SUBJECT ADDED ENTRY--TOPICAL TERM
Source of heading or term armarc
Topical term or geographic name entry element Finanzas
General subdivision Modelos matemáticos
650 #7 - SUBJECT ADDED ENTRY--TOPICAL TERM
Source of heading or term armarc
Topical term or geographic name entry element Matemáticas financieras
650 #7 - SUBJECT ADDED ENTRY--TOPICAL TERM
Source of heading or term armarc
Topical term or geographic name entry element Negocios
General subdivision Modelos matemáticos
700 1# - ADDED ENTRY--PERSONAL NAME
Personal name Rodríguez Jiménez, Elva Cristina,
Relator term autor
700 1# - ADDED ENTRY--PERSONAL NAME
Personal name Pierdant Rodríguez, Alberto Isaac,
Relator term autor
942 ## - ADDED ENTRY ELEMENTS (KOHA)
Source of classification or shelving scheme Dewey Decimal Classification
Classification part 658.15015
Item part R685
Koha item type Libro
Existencias
Withdrawn status Lost status Source of classification or shelving scheme Damaged status Not for loan Collection code Home library Current library Shelving location Date acquired Source of acquisition Total Checkouts Full call number Barcode Date last seen Date last checked out Price effective from Koha item type Copy number
    Dewey Decimal Classification     General Tehuacán Tehuacán Sala general 25/05/2015 Compra   513.93 ROD 2014 509757 16/04/2024 14/03/2016 25/05/2015 Libro  
    Dewey Decimal Classification     General Tehuacán Tehuacán Sala general 07/02/2023     658.15015 R685 2014 968000001178 08/01/2025   07/02/2023 Libro Ej.2